Sailor Taylor sets sail / (Record no. 7015)
[ view plain ]
| 000 -LEADER | |
|---|---|
| fixed length control field | 01235cam a2200361 a 4500 |
| 001 - CONTROL NUMBER | |
| control field | 7015 |
| 003 - CONTROL NUMBER IDENTIFIER | |
| control field | FISKH |
| 005 - DATE AND TIME OF LATEST TRANSACTION | |
| control field | 20250617140102.0 |
| 008 - FIXED-LENGTH DATA ELEMENTS--GENERAL INFORMATION | |
| fixed length control field | 060829s2007 nyua j 000 0 eng |
| 010 ## - LIBRARY OF CONGRESS CONTROL NUMBER | |
| LC control number | 2006028818 |
| 020 ## - INTERNATIONAL STANDARD BOOK NUMBER | |
| International Standard Book Number | 9780764137204 (pbk.) |
| 020 ## - INTERNATIONAL STANDARD BOOK NUMBER | |
| International Standard Book Number | 0764137204 (pbk.) |
| 040 ## - CATALOGING SOURCE | |
| Original cataloging agency | DLC |
| Transcribing agency | DLC |
| Modifying agency | DLC |
| Language of cataloging | eng |
| 050 ## - LIBRARY OF CONGRESS CALL NUMBER | |
| Classification number | LB1573.M33 |
| 082 ## - DEWEY DECIMAL CLASSIFICATION NUMBER | |
| Classification number | 372.4 |
| 100 1# - MAIN ENTRY--PERSONAL NAME | |
| Personal name | Marx, David F. |
| 245 10 - TITLE STATEMENT | |
| Title | Sailor Taylor sets sail / |
| Statement of responsibility, etc. | by David F. Marx ; illustrated by Lynn Avril-Cravath. |
| 260 ## - PUBLICATION, DISTRIBUTION, ETC. | |
| Place of publication, distribution, etc. | New York : |
| Name of publisher, distributor, etc. | Barron's, |
| Date of publication, distribution, etc. | 2007. |
| 300 ## - PHYSICAL DESCRIPTION | |
| Extent | 24 pages : |
| Other physical details | color illustrations ; |
| Dimensions | 23 cm |
| 440 #0 - SERIES STATEMENT/ADDED ENTRY--TITLE | |
| Title | Reader's clubhouse |
| 505 0# - FORMATTED CONTENTS NOTE | |
| Formatted contents note | Sailor Taylor sets sail -- Fun facts about sailing ships -- Activity : build a ship. |
| 505 0# - FORMATTED CONTENTS NOTE | |
| Formatted contents note | J<br/> |
| 520 ## - SUMMARY, ETC. | |
| Summary, etc. | Introduces young readers to the "ai" and "ay" vowel combinations through a short story of Sailor Taylor's adventures sailing to Spain. |
| 521 8# - TARGET AUDIENCE NOTE | |
| Target audience note | 450<br/> |
| Source | Lexile AD<br/> |
| 521 8# - TARGET AUDIENCE NOTE | |
| Target audience note | J<br/> |
| Source | Raz-Plus<br/> |
| 650 #0 - SUBJECT ADDED ENTRY--TOPICAL TERM | |
| Topical term or geographic name entry element | Reading |
| General subdivision | Phonetic method. |
| 650 #0 - SUBJECT ADDED ENTRY--TOPICAL TERM | |
| Topical term or geographic name entry element | Readers (Primary) |
| 650 #0 - SUBJECT ADDED ENTRY--TOPICAL TERM | |
| Topical term or geographic name entry element | Sailing |
| Form subdivision | Juvenile fiction. |
| 700 1# - ADDED ENTRY--PERSONAL NAME | |
| Personal name | Avril, Lynne, |
| Dates associated with a name | 1951- |
| Relator term | illustrator |
| 906 ## - LOCAL DATA ELEMENT F, LDF (RLIN) | |
| a | 7 |
| b | cbc |
| c | orignew |
| d | 1 |
| e | ecip |
| f | 20 |
| g | y-gencatlg |
| 942 ## - ADDED ENTRY ELEMENTS (KOHA) | |
| Source of classification or shelving scheme | Dewey Decimal Classification |
| Koha item type | Books |
| Suppress in OPAC | No |
| Withdrawn status | Lost status | Source of classification or shelving scheme | Damaged status | Not for loan | Collection | Home library | Current library | Shelving location | Date acquired | Total Checkouts | Full call number | Barcode | Date last seen | Date last checked out | Copy number | Price effective from | Koha item type |
|---|---|---|---|---|---|---|---|---|---|---|---|---|---|---|---|---|---|
| Dewey Decimal Classification | Juvenile Fiction | Footprints International School Library Network Toul Kork Campus | Footprints International School Library Network Toul Kork Campus | TK Primary Library Room(4th Floor), Bookcase 1&2, Shelves 1-16, Dark Blue Books | 06/17/2025 | 1 | MAX 372.46 LB1573.M33 | FISTK00701 | 04/23/2026 | 04/09/2026 | 1 | 06/17/2025 | Books |
